Biggest city/town in each state - Austria - Statistics

General Stats
  • This quiz has been taken 14 times
  • The average score is 17 of 40
Answer Stats
State Population Answer % Correct
Styria ~305,300 Graz
92%
Carinthia ~105,300 Klagenfurt
85%
Upper Austria ~213,600 Linz
85%
Salzburg ~157,700 Salzburg
77%
Carinthia ~65,700 Villach
77%
Tyrol ~132,500 Innsbruck
69%
Vorarlberg ~29,500 Bregenz
62%
Burgenland ~16,100 Eisenstadt
62%
Vorarlberg ~36,700 Feldkirch
62%
Vorarlberg ~52,100 Dornbirn
54%
Carinthia ~15,300 Spittal
54%
Upper Austria ~65,500 Wels
54%
Lower Austria ~49,200 Wiener Neustadt
54%
Lower Austria ~59,800 Sankt Pölten
46%
Upper Austria ~38,000 Steyr
46%
Lower Austria ~25,500 Krems
38%
Tyrol ~20,200 Kufstein
38%
Styria ~24,600 Leoben
38%
Upper Austria ~25,300 Traun
38%
Carinthia ~25,000 Wolfsberg
38%
Lower Austria ~25,900 Baden
31%
Carinthia ~14,500 Feldkirchen
31%
Salzburg ~21,700 Hallein
31%
Tyrol ~14,700 Hall in Tirol
31%
Lower Austria ~28,200 Klosterneuburg
31%
Styria ~13,500 Leibnitz
31%
Burgenland ~8,100 Oberwart
31%
Salzburg ~17,300 Saalfelden
31%
Tyrol ~14,500 Schwaz
31%
Styria ~15,700 Bruck
23%
Vorarlberg ~17,400 Hohenems
23%
Styria ~21,900 Kapfenberg
23%
Upper Austria ~29,200 Leonding
23%
Vorarlberg ~24,600 Lustenau
23%
Burgenland ~7,600 Mattersburg
23%
Burgenland ~8,900 Neusiedl am See
23%
Burgenland ~5,900 Pinkafeld
23%
Tyrol ~16,400 Telfs
23%
Salzburg ~11,700 Seekirchen
15%
Salzburg ~14,400 Wals-Siezenheim
15%
No matching quizzes found
Score Distribution
Percent of People with Each Score
Percentile by Number Answered
Your Score History
You have not taken this quiz